000 00459nam a2200169 i 4500
001 145576
003 ES-MaACL
005 20230906201248.0
007 t|
008 071015s1955 sp ||||1| spa d
080 _a821.134.2-31"19"
100 1 _aBarrio, Juan Ventura.
_925996
245 1 0 _aMontalvo :
_bnovela /
_cJuan Ventura Barrio.
260 _aMadrid :
_b[s.n.],
_c1955 (
_fImp. La Rafa)
300 _a94 p. ;
_c21 cm.
852 _aES-MaACL
_jC-10384
999 _c145576
_d145576